Bạn sẽ sống mấy lần?

Quyển sách bạn sẽ sống mấy lần đi sâu bàn luận về lối sống, thói quen và tư tưởng thường nhật của con người. những nội dung của nó được truyền cảm hứng rất nhiều từ tư tưởng của những vị Thầy thức tỉnh trên thế giới....

Cijeli opis

Spremljeno u:
Bibliografski detalji
Format: Knjiga
Jezik:Vietnamese
Izdano: H. Phụ nữ Việt Nam 2022
Teme:
Oznake: Dodaj oznaku
Bez oznaka, Budi prvi tko označuje ovaj zapis!
Thư viện lưu trữ: Thư viện Trường Đại học Nam Cần Thơ
LEADER 01048nam a22001817a 4500
001 NCT_4_010578
008 240618b xxu||||| |||| 00| 0 vie d
999 |c 8477  |d 8477 
020 |a 9786043753165  |c 89000 
082 0 4 |2 23rd ed.  |a 158  |b B105S 
245 0 0 |a Bạn sẽ sống mấy lần?  |c Triết học đường phố 2.0 
260 |a H.  |b Phụ nữ Việt Nam  |c 2022 
300 |a 203 tr.  |c 21cm 
520 3 |a  Quyển sách bạn sẽ sống mấy lần đi sâu bàn luận về lối sống, thói quen và tư tưởng thường nhật của con người. những nội dung của nó được truyền cảm hứng rất nhiều từ tư tưởng của những vị Thầy thức tỉnh trên thế giới.  
653 |a Tham khảo 
942 |2 ddc  |c BK 
952 |0 0  |1 0  |2 ddc  |4 0  |6 158_000000000000000_B105S  |7 0  |9 29162  |a 000001  |b 000001  |d 2024-06-18  |o 158 B105S  |p TK.04347  |r 2024-06-18  |v 89000.00  |w 2024-06-18  |y BK 
980 |a Thư viện Trường Đại học Nam Cần Thơ